Estatísticas para Países da América do Sul

Clique aqui para jogar o quiz

Estatísticas Gerais

  • Esse quiz foi jogado 280 vezes
    (217 desde o último reset)
  • A pontuação média é 11 de 12

Estatísticas das Respostas

População (Milhões) País % Correto
41,09Argentina
99%
198,7Brasil
98%
17,46Chile
97%
29,99Peru
97%
3,395Uruguai
97%
10,5Bolívia
95%
6,687Paraguai
95%
47,7Colômbia
93%
29,95Venezuela
93%
0,95Guiana
92%
15,49Equador
91%
0,53Suriname
87%

Distribuição das Pontuações

Percentil de Números Respondidos

Porcentagem de Pessoas com Cada Pontuação

Sua Pontuação Histórica

Você não jogou esse quiz desde o último reset